|
|
|
|
| LEADER |
00000nam a2200000 a 4500 |
| 001 |
vtls008993662 |
| 003 |
SK-MaSNL |
| 005 |
20260331205221.0 |
| 008 |
171219s2006 xo ioc g a 001 0dslo |
| 015 |
|
|
|a SNBA2007/08-03830
|
| 020 |
|
|
|a 8022409448 (viaz.)
|
| 035 |
|
|
|a F0B8B5E6-281F-40AF-A77D-078B21C7B267
|
| 035 |
|
|
|a urn:nbn:sk:snk-amybn9
|
| 035 |
|
|
|a urn:nbn:sk:snk-am0084ad
|
| 040 |
|
|
|a SNK
|b slo
|c SNK
|e AACR2
|
| 041 |
0 |
|
|a slo
|b eng
|
| 043 |
|
|
|a e-xo---
|
| 044 |
|
|
|a xo
|c SK
|
| 072 |
|
7 |
|a 792
|x Divadlo. Divadelné predstavenia
|2 konspekt
|
| 080 |
|
|
|a 792.05
|2 2001
|
| 080 |
|
|
|a 792.2/.8
|2 2001
|
| 080 |
|
|
|a 792.07
|2 2001
|
| 080 |
|
|
|a (437.6)
|2 2001
|
| 080 |
|
|
|a (082.2)
|2 2001
|
| 080 |
|
|
|a (084.12)
|2 2001
|
| 100 |
1 |
|
|a Podmaková, Dagmar,
|d 1953-
|4 dto
|9 102787
|
| 245 |
1 |
0 |
|a Divadlo v Trnave
|b ako sa hľadalo 1974-2006
|c Dagmar Podmaková ; [fotografie: Peter Babka ... [et al.]]
|
| 250 |
|
|
|a 1. vyd.
|
| 260 |
|
|
|a Bratislava
|b Veda
|c 2006
|
| 300 |
|
|
|a 269 s.
|b fotogr., portréty, erby
|c 29 cm
|
| 500 |
|
|
|a Obsahuje zoznam zamestnancov k 1. 9. 2006 ; zoznam bývalých zamestnancov od roku 1974
|
| 500 |
|
|
|a Pamiatke Ladislava Podmaku
|
| 504 |
|
|
|a Reg. mien a diel
|
| 546 |
|
|
|a Res. angl.
|
| 610 |
2 |
7 |
|a Divadlo Jána Palárika v Trnave
|2 SNKKA
|9 36350
|
| 648 |
|
7 |
|a 1974-2006
|2 SNK
|9 593568
|
| 650 |
0 |
7 |
|a divadlo
|2 SNKPH
|9 3335
|
| 650 |
0 |
7 |
|a divadelné inscenácie
|2 SNKPH
|9 3326
|
| 650 |
0 |
7 |
|a divadelní umelci
|2 SNKPH
|9 3346
|
| 651 |
|
7 |
|a Trnava (Slovensko)
|2 SNKPHgeo
|9 19407
|
| 655 |
|
7 |
|a jubilejné publikácie
|2 SNKPH
|9 70339
|
| 655 |
|
7 |
|a fotografické publikácie
|2 SNKPH
|9 70483
|
| 700 |
1 |
|
|a Babka, Peter,
|d 1946-
|4 pht
|9 102788
|
| 919 |
|
|
|a 80-224-0944-8
|
| 968 |
|
|
|d 791/792
|
| 999 |
|
|
|c 913093
|d 915023
|
| 952 |
|
|
|a SNK
|b SNK
|y PREZ
|7 0
|p 17A0552369
|o snkSB 74466
|i snk2007/13842
|8 0
|0 0
|1 0
|4 0
|d 2007-05-29
|f 1
|l 0
|r 2025-04-25 00:00:00
|w 2026-02-24
|
| 952 |
|
|
|a SNK
|b SNK
|y VYP
|7 0
|p 17A0552368
|o snkSB 74466 D1
|i snk2007/13843
|8 0
|0 0
|1 0
|4 0
|d 2007-05-29
|l 0
|r 2016-06-30 00:00:00
|w 2026-02-24
|